000
00211 a2200097 4500
001
42907
100
_a
Ahmad J
245
_a
Creation of Pakistan
260
_a
Lahore
_b
Pub united ltd
_c
090
_c
26792
_d
26792
942
_a
NUST-CAE
_c
M
_c
18660
999
_c
277980
_d
277980